Dillinger

Bibliographic Details
Main Author: Higgins, Jack, 1929- (Author)
Other Authors: Rovenská, Alena (Translator)
Format: Book
Language:Czech
PhysicalDescription:157 s. 20 cm
Published: Praha Ivo Železný 1993
ISBN:8071165298
Edition:1. vyd.
Series:Bestseller

MARC

LEADER 00000nam a2200000 a 4500
001 vtls001140683
003 SK-MaSNL
005 20260301002048.0
008 251031s1993 CS 0 cze
020 |a 8071165298 
035 |a SNK000083536 
040 |a SNK  |b slo  |c SNK  |e AACR2 
041 0 |a cze 
044 |a [CS] 
080 |a 820(73)-31=850  |2 1981 
100 1 |a Higgins, Jack,  |d 1929-  |4 aut  |9 208820 
240 1 0 |a Dillinger  |l Česky 
245 1 0 |a Dillinger  |c Jack Higgins ; Přel. Alena Rovenská 
250 |a 1. vyd. 
260 |a Praha  |b Ivo Železný  |c 1993 
300 |a 157 s.  |c 20 cm 
490 0 |a Bestseller 
700 1 |a Rovenská, Alena  |4 trl  |9 281211 
852 |a Slovenská národná knižnica 
919 |a 80-7116-529-8 
954 |a romány americké 
968 |d Z amer. orig. 
999 |c 536449  |d 538379 
952 |t P60, <04>, [BOOK], {604}  |a SNK  |b SNK  |y VYP  |7 0  |p 17A0029380  |o snkID 94449  |0 0  |1 0  |4 0  |d 1996-12-19  |l 0  |r 2005-01-01 00:00:00  |w 2026-02-23